Vybrané problémy investičného bankovníctva so zameraním na investovanie do akcií v podmienkach USA dizertačná práca
Salvato in:
| Autore principale: | |
|---|---|
| Ente Autore: | |
| Altri autori: | |
| Natura: | Libro |
| Lingua: | slovacco |
| Pubblicazione: |
Bratislava
Ekonomická univerzita v Bratislave. Národohospodárska fakulta
2001
|
| Soggetti: | |
| Tags: |
Nessun Tag, puoi essere il primo ad aggiungerne!!
|
MARC
| LEADER | 00000nam a2200000 4500 | ||
|---|---|---|---|
| 001 | c142937 | ||
| 005 | 20250509104250.4 | ||
| 041 | 0 | |a slo | |
| 044 | |a SK | ||
| 245 | 1 | 0 | |a Vybrané problémy investičného bankovníctva so zameraním na investovanie do akcií v podmienkach USA |b dizertačná práca |c Marta Rošteková ; školiteľ: Božena Petrjánošová |
| 264 | 1 | |a Bratislava |b Ekonomická univerzita v Bratislave. Národohospodárska fakulta |c 2001 | |
| 300 | |a 160 s. | ||
| 610 | 2 | 0 | |a bankovníctvo investičné |
| 610 | 2 | 0 | |a investovanie |
| 610 | 2 | 0 | |a akcie |
| 610 | 2 | 0 | |a USA |
| 100 | 1 | |a Rošteková, Marta | |
| 700 | 1 | |a Petrjánošová, Božena | |
| 710 | 2 | |a Národohospodárska fakulta EU. Katedra bankovníctva a medzinárodných financií | |